| 000 | 00580nam a22001937a 4500 | ||
|---|---|---|---|
| 003 | OSt | ||
| 005 | 20251205012121.0 | ||
| 008 | 251205b |||||||| |||| 00| 0 eng d | ||
| 020 | _a971-086-866-7. | ||
| 040 |
_aDWCL-Admin lib _cOC |
||
| 082 | _aFil. 370 T917f 2008 | ||
| 100 | _aTulio, Doris D. | ||
| 245 |
_a Foundations of education 2 / _cDoris D. Tulio |
||
| 260 |
_a Mandaluyong City : _bNational Book Store, _cc2008. |
||
| 300 |
_a 250 p. ; _c22 cm. |
||
| 504 | _aIncludes bibliographical references. | ||
| 650 | _a1. Education. | ||
| 942 |
_2ddc _cBK - FIL _e2nd ed. _kFil. _n0 |
||
| 999 |
_c6889 _d6889 |
||